| 000 | 00918cam a2200229 4500 | ||
|---|---|---|---|
| 001 | WB3941-12 | ||
| 008 | 031028n2003 000 0 eng u | ||
| 035 | _a(Sirsi) u124071 | ||
| 245 | _aShopping centre investment frenzy | ||
| 260 | _c2003 | ||
| 490 |
_aRetail Week _v 24 October 2003, 31(1) |
||
| 520 | _aLatest statistics from DTZ reveal that the shopping centre market enjoyed a 332% rise in completed transactions. According to DTZ, £1.25bn worth of UK shopping centres changed hands during the third quarter, compared with just £2.65m of turnover in the second quarter. DTZ Press Release http://www.dtz.com/www/DTZGlobal.nsf/docs/5S5EBWLBAK?opendocument&subcat=&lang=1. | ||
| 590 | _aWB | ||
| 650 | _aSHOPPING CENTRES | ||
| 650 | _aTRANSACTIONS | ||
| 650 | _aDTZ | ||
| 650 | _aRETAIL PROPERTY | ||
| 650 | _aSTATISTICS | ||
| 650 | _aPROPERTY MARKET REPORTS | ||
| 690 | _aINVESTMENT | ||
| 942 | _n0 | ||
| 999 |
_c73660 _d73660 |
||